| 000 | 00421nam a2200193Ia 4500 | ||
|---|---|---|---|
| 005 | 20240823035616.0 | ||
| 008 | 240823s9999||||xx |||||||||||||| ||und|| | ||
| 020 | _a81-88330-20-5 | ||
| 041 | _aENGLISH | ||
| 082 | _A823.914 P6 | ||
| 100 | _aVijaya Raghavan R | ||
| 245 | 0 | _aUneven Edges | |
| 250 | _a1st | ||
| 260 |
_c2006 _bYeti |
||
| 500 | _aYES | ||
| 650 |
_aNovel _bEnglish |
||
| 942 | _cBK | ||
| 999 |
_c201094 _d201094 |
||